000 00326 a2200157 4500
001 195077
020 _a978-85-08-17347-1
040 _cMagnum
100 _aPuntel, Luiz
240 1 0 _aAçúcar amargo
_lpor
245 1 0 _aAçúcar amargo
300 _a160
362 0 _a2015
697 _aLITERATURA JUVENIL
942 _cBK
999 _c195077
_d195077